banner koha

Método marco CEM: procedimiento alternativo para determinar el factor de conversión de metro ruma a volumen sólido (Registro n. 340845)

MARC details
000 -LÍDER
campo de controle de tamanho fixo 00856nas a2200289 454500
001 - NÚMERO DE CONTROLE
campo de controle IICA0700854
003 - IDENTIFICADOR DO NÚMERO DE CONTROLE
campo de controle BR-BrBNA
005 - DATA E HORÁRIO DA ÚLTIMA TRANSAÇÃO
campo de controle 20260323111544.0
007 - CAMPO FIXO DE DESCRIÇÃO FÍSICA--INFORMAÇÃO GERAL
campo de controle de tamanho fixo ta
008 - CAMPO DE DADOS FIXOS--INFORMAÇÃO GERAL
campo de controle de tamanho fixo 260323b bl.|||p| |||| 00| 00por d
040 ## - FONTE DA CATALOGAÇÃO
Instituição da catalogação original BR-BrBNA
Idioma da catalogação por
Instituição que transcreveu o registro Biblioteca Nacional de Agricultura
041 ## - CÓDIGO DE IDIOMA
Código do idioma do texto/trilha sonora ou título diferente (Es)
072 ## - CÓDIGO DE CATEGORIA DE ASSUNTO
Código de Categoria de Assunto K10
100 1# - ENTRADA PRINCIPAL--NOME PESSOAL
Nome pessoal Milla, F.
100 1# - ENTRADA PRINCIPAL--NOME PESSOAL
Nome pessoal Cancino, J.
100 1# - ENTRADA PRINCIPAL--NOME PESSOAL
Nome pessoal Emanuelli, p.
245 1# - TÍTULO
Título Método marco CEM: procedimiento alternativo para determinar el factor de conversión de metro ruma a volumen sólido
300 ## - DESCRIÇÃO FÍSICA
Extensão v. 45(1-2) p. 57-63
650 ## - ASSUNTO--TERMO TÓPICO
Cabeçalho tópico ou nome geográfico TORA
650 ## - ASSUNTO--TERMO TÓPICO
Cabeçalho tópico ou nome geográfico MADEIRA ROLICA
650 ## - ASSUNTO--TERMO TÓPICO
Cabeçalho tópico ou nome geográfico MEDICAO
650 ## - ASSUNTO--TERMO TÓPICO
Cabeçalho tópico ou nome geográfico ARMAZENAMENTO
650 ## - ASSUNTO--TERMO TÓPICO
Cabeçalho tópico ou nome geográfico VOLUME
773 0# - ENTRADA ANALÍTICA
Título TURRIALBA (IICA)
-- 0041-4360
Partes relacionadas (Jan-Jun 1995), v. 45(1-2) p. 57-63
Número de controle do registro IICA0700854
909 ## -
-- 202603
-- Lúcia
-- 55
-- Lúcia Elande
942 ## - ELEMENTOS DE ENTRADA ADICIONADOS (KOHA)
Fonte da classificação ou esquema de arquivamento na estante
Ocultar no OPAC Não
Tipo de material Koha Analítica
Exemplares
Situação do descarte Fonte da classificação ou esquema de arquivamento na estante Situação física Não pode ser emprestado Coleção Biblioteca de origem Biblioteca atual Localização na estante Enumeração do periódico / cronologia Total de empréstimos Data de último acesso Número do exemplar Tipo de material Koha Fonte de aquisição
      Consulta local   Biblioteca Nacional de Agricultura - Binagri Biblioteca Nacional de Agricultura - Binagri   (Jan-Jun 1995), v. 45(1-2) p. 57-63   23/03/2026 01 Periódicos Portaria Interministerial nº 164/94

BINAGRI

Telefone: (61)3218-2567/2388/3357/2097 - binagri@agro.gov.br

Ministério da Agricultura e Pecuária , Esplanada dos Ministérios, Bloco D, Anexo B, Brasília/DF, CEP: 70.043-900